| 000 | 00853nam a2200277 a 4500 | ||
|---|---|---|---|
| 001 | 000013374 | ||
| 005 | 20200929163217.0 | ||
| 008 | 091123s2000 sp 000 f spa d | ||
| 020 | _a8440697619 | ||
| 040 |
_aDO-SdBNP _bspa _cBNPHU |
||
| 041 | 1 | 7 |
_aspa _heng _2Código de idioma MARC |
| 082 |
_a813.54 _bG869h |
||
| 100 | 1 |
_aGrisham, John, _d1955- _910906 |
|
| 240 | 1 | 4 |
_aThe brethren. _lEspañol |
| 245 | 1 | 3 |
_aLa hermandad / _cJohn Grisham ; traducción de María Antonia Menini. |
| 260 |
_aBarcelona : _bB, _c2000. |
||
| 300 |
_a453 p. ; _c23 cm. |
||
| 490 | 1 | _aLa trama | |
| 534 |
_pTítulo original en inglés: _tThe brethren |
||
| 650 | 4 |
_aNovela estadounidense _9262 |
|
| 650 | 4 |
_aLiteratura estadounidense _ySIGLO XX _96874 |
|
| 700 | 1 |
_aMenini, María Antonia, _etr. _911885 |
|
| 830 | 3 |
_aLa trama _930594 |
|
| 910 | _aWM | ||
| 049 | _aBNGR | ||
| 999 |
_c13000 _d13000 |
||